{"text_format":"1","workbook":"xlsx","n_sheets":1,"sheets":["inv_madera_abril_2022"],"not_rendered":{"charts":0,"images":2,"macros":0,"external_links":0,"defined_names":0,"comments":0,"pivot_tables":0},"unopened":[],"bounds":{"document_bytes":16777216,"sheet_cells":100000,"rows_first":2000,"rows_last":500,"rows_between":2000,"halvings":0,"cell_chars":16384,"cell_head_chars":4096},"cells_cut":0,"cells_raw":0,"read":"whole","date_system":"1900"}

{"sheet":"inv_madera_abril_2022","index":0,"n_rows":85,"n_cols":8,"rows_kept":85,"cut":false,"hidden":false,"merged":[[72,0,72,7],[14,0,14,6],[49,0,49,6],[84,0,84,6],[74,6,78,6],[74,7,78,7],[37,0,37,7],[70,0,70,7],[71,0,71,7],[74,0,78,0],[74,1,78,1],[74,2,78,2],[74,3,78,3],[74,4,78,4],[74,5,78,5],[39,0,43,0],[1,0,1,7],[2,0,2,7],[3,0,3,7],[35,0,35,7],[36,0,36,7],[5,6,9,6],[5,7,9,7],[39,6,43,6],[39,7,43,7],[5,0,9,0],[5,1,9,1],[5,2,9,2],[5,3,9,3],[5,4,9,4],[5,5,9,5],[39,1,43,1],[39,2,43,2],[39,3,43,3],[39,4,43,4],[39,5,43,5]]}
[]
["INSTITUTO DEL TABACO DE LA REPÚBLICA DOMINICANA"]
["INVENTARIO DE MADERA"]
["MES DE ENERO 2026"]
[]
["Fecha de adquisición y/o registro","Artículo","Código instritucional","Descripción artículo","Existencia","Unidad","Costo","Valor"]
[]
[]
[]
[]
["2021-12-28","MADERAS ( 9 )","EST6Y4X18`","ESTANTE 6`Y 4`X 18`LARGO",288,"UND",625,{"$f":"+G11*E11","v":180000}]
["2018-01-22","MADERAS ( 9 )","FAJI","FAJILLA C/DIMENCIONES D/12 PIE X 3.0X1.0",638,"UND",205.32,{"$f":"+G12*E12","v":130994.15999999999}]
["2021-12-28","MADERAS ( 9 )","VRAS ACA 4 D2 1/2X24","VARAS DE ACA 4 DIAM 2 1/2CABX24PIES LARG",1,"UNIDAD",240,240]
["2023-10-31","MADERAS ( 9 )","ZA 29","ZINC ACANALADO C.29 12P",1,"UND",975,975]
["TOTAL",null,null,null,null,null,null,{"$f":"SUM(H11:H14)","v":312209.15999999997}]
[]
[]
[]
[]
[]
[]
[]
[]
[]
[]
[]
[]
[]
[]
[]
[]
[]
[]
[]
[]
["INSTITUTO DEL TABACO DE LA REPÚBLICA DOMINICANA"]
["INVENTARIO DE MADERA"]
["MES DE FEBRERO 2026"]
[]
["Fecha de adquisición y/o registro","Artículo","Código instritucional","Descripción artículo","Existencia","Unidad","Costo","Valor"]
[]
[]
[]
[]
["2021-12-28","MADERAS ( 9 )","EST6Y4X18`","ESTANTE 6`Y 4`X 18`LARGO",288,"UND",625,{"$f":"+G45*E45","v":180000}]
["2018-01-22","MADERAS ( 9 )","FAJI","FAJILLA C/DIMENCIONES D/12 PIE X 3.0X1.0",2,"UND",205.32,{"$f":"+G46*E46","v":410.64}]
["2021-12-28","MADERAS ( 9 )","V.A24``X 4","VARAS DE ACACIA 24``X 4``",1168,"UND",201.6,235468.79999999999]
["2021-12-29","MADERAS ( 9 )","VRAS ACA 4 D2 1/2X24","VARAS DE ACA 4 DIAM 2 1/2CABX24PIES LARG",1,"UNIDAD",240,240]
["2021-12-30","MADERAS ( 9 )","ZA 29","ZINC ACANALADO C.29 12P",1,"UND",975,975]
["TOTAL",null,null,null,null,null,null,{"$f":"SUM(H45:H49)","v":417094.44}]
[]
[]
[]
[]
[]
[]
[]
[]
[]
[]
[]
[]
[]
[]
[]
[]
[]
[]
[]
[]
["INSTITUTO DEL TABACO DE LA REPÚBLICA DOMINICANA"]
["INVENTARIO DE MADERA"]
["MES DE MARZO 2026"]
[]
["Fecha de adquisición y/o registro","Artículo","Código instritucional","Descripción artículo","Existencia","Unidad","Costo","Valor"]
[]
[]
[]
[]
["2021-12-28","MADERAS ( 9 )","EST6Y4X18`","ESTANTE 6`Y 4`X 18`LARGO",288,"UND",625,{"$f":"+G80*E80","v":180000}]
["2018-01-22","MADERAS ( 9 )","FAJI","FAJILLA C/DIMENCIONES D/12 PIE X 3.0X1.0",2,"UND",205.32,{"$f":"+G81*E81","v":410.64}]
["2021-12-28","MADERAS ( 9 )","V.A24``X 4","VARAS DE ACACIA 24``X 4``",2,"UND",201.6,403.2]
["2023-10-31","MADERAS ( 9 )","VRAS ACA 4 D2 1/2X24","VARAS DE ACA 4 DIAM 2 1/2CABX24PIES LARG",1,"UNIDAD",240,240]
["2023-11-01","MADERAS ( 9 )","ZA 29","ZINC ACANALADO C.29 12P",1,"UND",975,975]
["TOTAL",null,null,null,null,null,null,{"$f":"SUM(H80:H84)","v":182028.84000000003}]